The new anti-money laundering law: first perspectives on the 4th Union Directive

Kaydedildi:
Detaylı Bibliyografya
Yazar: Siclari, Domenico (Yazar)
Materyal Türü: Kitap
Dil:İngilizce
Baskı/Yayın Bilgisi: Roma Domenico Siclari 2016
Konular:
Etiketler: Etiketle
Etiket eklenmemiş, İlk siz ekleyin!

MARC

LEADER 00000cam a2200000 a 4500
001 UCC9016
003 CL-VaPUC
008 190904e20160000it |||||||||||||||||eng|d
020 |a 9783319290980 
082 0 4 |a 345.2  |b SIC  |2 21 
100 0 |a Siclari, Domenico  |e author  |9 603772 
245 1 4 |a The new anti-money laundering law: first perspectives on the 4th Union Directive 
300 |a 101 p 
942 |c BK 
945 |d 20190904 15:40:00  |a cmena 
260 |a Roma  |b Domenico Siclari  |c 2016 
650 7 |a LAVADO DE DINERO  |2 CL-VaPUC  |9 418443 
650 7 |a PAISES DE LA UNION EUROPEA  |2 CL-VaPUC  |9 553442 
650 7 |a DELITOS TRIBUTARIOS  |2 CL-VaPUC  |9 389324 
650 0 |a Derecho penal internacional  |9 371889 
583 |a last modification  |c 20190904 15:40:00  |k Rodrigo Vera 
999 |c 375211  |d 375209 
952 |0 0  |1 0  |3 erd  |4 0  |6 345_200000000000000_SIC_2016  |7 0  |8 WP_COW  |9 561156  |a BIBDER  |b BIBDER  |e Fundación W and P Cowley  |i 559863K  |o 345.2 SIC 2016  |p 559863K  |r 2023-01-25  |w 2020-03-12  |y BK  |z Catalogado en:20190904  |k WPC